<?xml version="1.0" encoding="UTF-8"?>
<record
    xmlns:xsi="http://www.w3.org/2001/XMLSchema-instance"
    xsi:schemaLocation="http://www.loc.gov/MARC21/slim http://www.loc.gov/standards/marcxml/schema/MARC21slim.xsd"
    xmlns="http://www.loc.gov/MARC21/slim">

  <leader>01453cam a2200457 a 4500</leader>
  <controlfield tag="001">23465</controlfield>
  <controlfield tag="003">VRT</controlfield>
  <controlfield tag="005">20260623164614.0</controlfield>
  <controlfield tag="008">230403s1961    xo            000 fbslo  </controlfield>
  <datafield tag="015" ind1=" " ind2=" ">
    <subfield code="a">SNBA1961/05-00863</subfield>
  </datafield>
  <datafield tag="035" ind1=" " ind2=" ">
    <subfield code="a">SK01SNK19610030678</subfield>
  </datafield>
  <datafield tag="035" ind1=" " ind2=" ">
    <subfield code="a">urn:nbn:sk:snk-am3h5wy</subfield>
  </datafield>
  <datafield tag="035" ind1=" " ind2=" ">
    <subfield code="a">urn:nbn:sk:snk-am00cnpi</subfield>
  </datafield>
  <datafield tag="035" ind1=" " ind2=" ">
    <subfield code="a">5682CBDE-642B-4BCF-B2AE-57CB85D99557</subfield>
  </datafield>
  <datafield tag="035" ind1=" " ind2=" ">
    <subfield code="a">SKM000033141</subfield>
  </datafield>
  <datafield tag="039" ind1=" " ind2="9">
    <subfield code="a">202304032017</subfield>
    <subfield code="b">VLOAD</subfield>
    <subfield code="c">202212050950</subfield>
    <subfield code="d">VLOAD</subfield>
    <subfield code="c">202205110857</subfield>
    <subfield code="d">VLOAD</subfield>
    <subfield code="c">201808131459</subfield>
    <subfield code="d">VLOAD</subfield>
  </datafield>
  <datafield tag="040" ind1=" " ind2=" ">
    <subfield code="a">SNK</subfield>
    <subfield code="b">slo</subfield>
    <subfield code="c">SNK</subfield>
    <subfield code="e">AACR2</subfield>
  </datafield>
  <datafield tag="041" ind1="0" ind2=" ">
    <subfield code="a">slo</subfield>
  </datafield>
  <datafield tag="044" ind1=" " ind2=" ">
    <subfield code="a">xo</subfield>
    <subfield code="c">SK</subfield>
  </datafield>
  <datafield tag="080" ind1=" " ind2=" ">
    <subfield code="a">885.4-3</subfield>
    <subfield code="2">1981</subfield>
  </datafield>
  <datafield tag="100" ind1="1" ind2=" ">
    <subfield code="a">Krno, Milo&#x161;,</subfield>
    <subfield code="d">1922-2007</subfield>
    <subfield code="4">aut</subfield>
  </datafield>
  <datafield tag="245" ind1="1" ind2="0">
    <subfield code="a">Vr&#xE1;tim sa &#x17E;iv&#xFD;</subfield>
    <subfield code="c">Milo&#x161; Krno</subfield>
  </datafield>
  <datafield tag="250" ind1=" " ind2=" ">
    <subfield code="a">2. vyd. v SS</subfield>
  </datafield>
  <datafield tag="260" ind1=" " ind2=" ">
    <subfield code="a">Bratislava</subfield>
    <subfield code="b">Slovensk&#xFD; spisovate&#x13E;</subfield>
    <subfield code="c">1961</subfield>
    <subfield code="e">&#x17D;ilina</subfield>
    <subfield code="f">Pravda</subfield>
  </datafield>
  <datafield tag="300" ind1=" " ind2=" ">
    <subfield code="a">294, [4] s.</subfield>
    <subfield code="c">8&#xB0;</subfield>
  </datafield>
  <datafield tag="490" ind1="1" ind2=" ">
    <subfield code="a">P&#xF4;vodn&#xE1; pr&#xF3;za</subfield>
  </datafield>
  <datafield tag="563" ind1=" " ind2=" ">
    <subfield code="a">5000 v&#xFD;tl.</subfield>
  </datafield>
  <datafield tag="600" ind1="1" ind2="7">
    <subfield code="a">N&#xE1;lepka, J&#xE1;n,</subfield>
    <subfield code="d">1912-1943</subfield>
    <subfield code="2">SNKMA</subfield>
  </datafield>
  <datafield tag="655" ind1=" " ind2="7">
    <subfield code="a">slovensk&#xE9; rom&#xE1;ny</subfield>
    <subfield code="2">SNKPH</subfield>
  </datafield>
  <datafield tag="655" ind1=" " ind2="7">
    <subfield code="a">biografick&#xE9; rom&#xE1;ny</subfield>
    <subfield code="2">SNKPH</subfield>
  </datafield>
  <datafield tag="655" ind1=" " ind2="7">
    <subfield code="a">publik&#xE1;cie pre ml&#xE1;de&#x17E;</subfield>
    <subfield code="2">SNKPH</subfield>
  </datafield>
  <datafield tag="830" ind1=" " ind2="0">
    <subfield code="a">P&#xF4;vodn&#xE1; pr&#xF3;za</subfield>
  </datafield>
  <datafield tag="910" ind1=" " ind2=" ">
    <subfield code="a">snk</subfield>
  </datafield>
  <datafield tag="942" ind1=" " ind2=" ">
    <subfield code="2">ddc</subfield>
    <subfield code="c">KLDO</subfield>
    <subfield code="n">0</subfield>
  </datafield>
  <datafield tag="949" ind1=" " ind2=" ">
    <subfield code="6">2889402694</subfield>
    <subfield code="a">savukM 1108</subfield>
  </datafield>
  <datafield tag="949" ind1=" " ind2=" ">
    <subfield code="6">273K0404865</subfield>
    <subfield code="a">svkpoA 34763</subfield>
    <subfield code="b">svkpo81880</subfield>
  </datafield>
  <datafield tag="949" ind1=" " ind2=" ">
    <subfield code="6">17A0698249</subfield>
    <subfield code="a">snkSD 20016</subfield>
    <subfield code="b">snkKSP 2544/61</subfield>
    <subfield code="s">6100:20161017</subfield>
  </datafield>
  <datafield tag="949" ind1=" " ind2=" ">
    <subfield code="6">0133017644</subfield>
    <subfield code="a">snmk</subfield>
    <subfield code="b">snmk17644</subfield>
  </datafield>
  <datafield tag="949" ind1=" " ind2=" ">
    <subfield code="a">snkSD 20016 D1</subfield>
  </datafield>
  <datafield tag="999" ind1=" " ind2=" ">
    <subfield code="c">23465</subfield>
    <subfield code="d">23465</subfield>
  </datafield>
  <datafield tag="952" ind1=" " ind2=" ">
    <subfield code="0">0</subfield>
    <subfield code="1">0</subfield>
    <subfield code="4">0</subfield>
    <subfield code="7">0</subfield>
    <subfield code="8">D</subfield>
    <subfield code="a">OKHOS</subfield>
    <subfield code="b">OKHOS</subfield>
    <subfield code="d">2026-06-23</subfield>
    <subfield code="l">0</subfield>
    <subfield code="p">4736204009</subfield>
    <subfield code="r">2026-06-23 16:46:22</subfield>
    <subfield code="w">2026-06-23</subfield>
    <subfield code="y">KLDO</subfield>
  </datafield>
</record>
